[Event "Gujarat op 1st"]
[Site "Ahmedabad"]
[Date "2018.10.12"]
[Round "10"]
[White "Das, Susobhit"]
[Black "Alan, Divia Raj"]
[Result "1-0"]
[WhiteElo "1910"]
[BlackElo "2127"]
[PlyCount "119"]
[EventDate "2018.10.05"]
[EventType "swiss"]
[EventRounds "10"]
[EventCountry "IND"]
[SourceTitle "CBM 186 Extra"]
[Source "ChessBase"]
[SourceDate "2018.08.24"]
[SourceVersion "1"]
[SourceVersionDate "2018.08.24"]
[SourceQuality "1"]

1. d4 Nf6 2. c4 e6 3. Nf3 b6 4. g3 Bb7 5. Bg2 Be7 6. Nc3 0-0 7. 0-0 d5 8. Ne5 Qc8 9. Bg5 dxc4 10. Nxc4 Bxg2 11. Kxg2 Rd8 12. e3 c5 13. Qf3 Nbd7 14. Ne5 cxd4 15. exd4 Nxe5 16. dxe5 Nd5 17. Nxd5 Bxg5 18. Rac1 Qb8 19. Nc7 Bxc1 20. Rxc1 Rc8 21. Rc3 h6 22. Nxa8 Qxa8 23. Qxa8 Rxa8 24. Rc7 Rd8 25. Rxa7 Rd5 26. Ra6 Rb5 27. b3 Kh7 28. Kf3 Kg6 29. Ke4 Rb4+ 30. Kd3 Kf5 31. Kc3 Rb5 32. a4 Rc5+ 33. Kb4 Rxe5 34. Rxb6 Re2 35. a5 e5 36. Rb7 f6 37. a6 Ra2 38. a7 Ke4 39. Kb5 Kf3 40. Kb6 Kxf2 41. Rb8 e4 42. a8Q Rxa8 43. Rxa8 e3 44. Re8 e2 45. b4 e1Q 46. Rxe1 Kxe1 47. Kc5 Kf2 48. b5 Kg2 49. b6 Kxh2 50. b7 Kxg3 51. b8Q+ Kg4 52. Kd4 g5 53. Qf8 h5 54. Qxf6 h4 55. Ke3 h3 56. Kf2 Kh4 57. Qe7 Kg4 58. Qe4+ Kh5 59. Kg3 h2 60. Qh7# 1-0

[Event "Chennai op 9th"]
[Site "Chennai"]
[Date "2017.01.25"]
[Round "10"]
[White "Sa, Kannan"]
[Black "Alan, Divia Raj"]
[Result "0-1"]
[WhiteElo "1985"]
[BlackElo "1836"]
[PlyCount "82"]
[EventDate "2017.01.18"]
[EventType "swiss"]
[EventRounds "10"]
[EventCountry "IND"]
[SourceTitle "CBM 176 Extra"]
[Source "ChessBase"]
[SourceDate "2017.03.02"]
[SourceVersion "1"]
[SourceVersionDate "2017.03.02"]
[SourceQuality "1"]

1. d4 Nf6 2. Nf3 e6 3. Bg5 d5 4. c4 Be7 5. Nc3 0-0 6. e3 b6 7. Rc1 Bb7 8. Bxf6 Bxf6 9. cxd5 exd5 10. Qb3 c5 11. Rd1 c4 12. Qc2 Qd7 13. Be2 Nc6 14. 0-0 a6 15. Na4 Nb4 16. Nxb6 Qe6 17. Qb1 Qxb6 18. a3 Nc6 19. g4 g6 20. g5 Bg7 21. Kh1 Bc8 22. Nh4 Rb8 23. b4 Ne7 24. Rg1 Nf5 25. Ng2 Be6 26. Nf4 a5 27. Bf3 Rfd8 28. b5 Qxb5 29. Qxb5 Rxb5 30. Rb1 Rb3 31. Rxb3 cxb3 32. a4 Ne7 33. Rb1 Rb8 34. Bd1 b2 35. Nd3 Bf8 36. Rxb2 Rxb2 37. Nxb2 Nc8 38. Nd3 Nb6 39. Nc5 Bxc5 40. dxc5 Nc8 41. Kg2 Kf8 0-1